000 00658cam a22002173a 4500
001 40364
003 PGUSA
005 20140828083913.0
008 120728s2012||||xxu|||||s|||||000 | eng d
040 _aPGUSA
_beng
042 _adc
100 1 _aStrang, Herbert
245 1 4 _aThe Blue Raider :
_bA Tale of Adventure in the Southern Seas
_h[electronic resource] /
_cHerbert Strang
260 _bProject Gutenberg,
_c2012
506 _aPublic domain in the USA.
516 _aElectronic text
700 1 _aBrock, C. E.
_q(Charles Edmund),
_d1870-1938
830 0 _aProject Gutenberg
_v40364
856 4 0 _uhttp://www.gutenberg.org/ebooks/40364
942 _cEB
999 _c269617
_d269617